Metodológia posudzovania reálnych impaktov a udržateľnosti priestorového rozvoja : doktorandská dizertačná práca
Saved in:
| Main Author: | |
|---|---|
| Format: | Book |
| Published: |
Bratislava :
STU FA,
2009
|
| Tags: |
No Tags, Be the first to tag this record!
|
MARC
| LEADER | 00000nam a22000003a 4500 | ||
|---|---|---|---|
| 001 | stu191780 | ||
| 005 | 20150617230051.5 | ||
| 008 | 091007s2009----------------------------d | ||
| 040 | |a STU |b slo | ||
| 041 | 0 | ||
| 100 | 1 | |a Berdis, Juraj, |d 1979- |4 aut |u A440 |9 100 |U FAD Fakulta architektúry |T FAD Ústav Urbanizmu |X 4549 |U A440 |Y 138 |7 A000004549 | |
| 245 | 1 | |a Metodológia posudzovania reálnych impaktov a udržateľnosti priestorového rozvoja : |b doktorandská dizertačná práca | |
| 260 | |a Bratislava : |b STU FA, |c 2009 | ||
| 300 | |a 107 s | ||
| 996 | |b 284AB00967 |c A*6779 V |l AAKNST |s P |a 0 |w stu191780_0001 | ||